000 01226nab a22002417a 4500
999 _c5509
_d5509
003 OSt
005 20251210133327.0
008 190604e xxu||||| |||| 00| 0 spa d
040 _cPJ
100 _96115
_aPravato, Luis Emilio
245 1 0 _aJurisprudencia de la Corte Suprema de Justicia de la Nación y tribunales inferiores sobre la ley 346 de nacionalidad y ciudadanía /
_cLuis Emilio Pravato.
260 _aCiudad Autónoma de Buenos Aires :
_bThomson Reuters La Ley,
_c2025.
300 _ap. 13-28
500 _aCita Online: TR LALEY AR/DOC/1991/2025.
505 _aSumario: I. Introducción.— II. Renuncia de la nacionalidad.— III. Competencia de la justicia federal.— IV. Doble nacionalidad.— V. Nacionalidad de la mujer casada.— VI. Destruyendo mitos. A modo de conclusión.
505 _t¿Te interesa el texto completo? Solicitalo al correo: koha@justierradelfuego.gov.ar
650 0 _9178
_aDERECHO CONSTITUCIONAL
650 0 _96467
_aNACIONALIDAD
650 0 _96468
_aCIUDADANIA
650 0 _9221
_aJURISPRUDENCIA
773 0 _02714
_93171
_dCiudad Autónoma de Buenos Aires : Thomson Reuters La Ley, 2014-
_tRevista anales de legislación argentina. Nº 11 - Noviembre 2025.
942 _2udc
_cANA